| 000 | 00968nam a2200301Ia 4500 | ||
|---|---|---|---|
| 001 | 3232 | ||
| 003 | IT-RoPAU | ||
| 008 | 130308s9999 xx 000 0 und d | ||
| 040 | _aIT-RoPAU | ||
| 040 | _cIT-RoPAU | ||
| 041 | _aITALIANO | ||
| 100 | _aKatz Elihu | ||
| 100 | _gCodice Aut. SPICS: 5128 | ||
| 245 | _aFlusso di comunicazione a due livelli (Il): relazione aggiornata su una ipotesi | ||
| 245 | _bComunicazioni e Cultura di Massa-Testi e Documenti | ||
| 250 | _a1a ed. | ||
| 260 | _aMILANO | ||
| 260 | _bHoepli | ||
| 260 | _c1970 [1° Ed.:1970 - Ed.Ling.Originale:1957] | ||
| 300 | _a"16 p. (prefazione: no ; testo: 16 [pagine: 335-350])" | ||
| 500 | _aStudio Sul voto delle Elezioni Azione dell'Influenza Personale ruolo dell'Influenza Personale leaders d'opinione e Mass Media | ||
| 650 | _aSOCIOLOGIA DELLA COMUNICAZIONE SOCIALE | ||
| 650 | _eCodice materia Spics: 3806 | ||
| 942 | _cBK | ||
| 957 | _71 | ||
| 999 |
_c44321 _d44321 |
||
| 999 | _bSI | ||
| 999 | _g1 | ||